[Event "80e Noteboomtoernooi Open 2020"]
[Site "Leiden"]
[Date "2020.02.29"]
[Round "1.1"]
[White "Kuzubov, Yuriy"]
[Black "Roebers, Eline"]
[Result "1-0"]
[WhiteElo "2644"]
[BlackElo "2129"]
[Annotator "TA"]
[PlyCount "65"]
[EventDate "2020.02.28"]
[EventType "swiss"]
[EventCountry "NED"]
[SourceTitle "playchess.com"]
[Source "ChessBase"]
[SourceQuality "1"]

{[%evp 20,65,6,18,65,50,47,54,56,60,92,77,150,141,171,177,253,178,194,191,207,209,331,311,345,317,303,325,500,460,392,321,610,389,1016,1019,1014,1011,1013,981,976,958,1067,1039,1047,1044,1027,968]} 1. d4 Nf6 2. c4 g6 3. Nc3 Bg7 4. e4 d6 5. Be2 O-O 6. Bg5 c5 7. d5 e6 8. Qd2 exd5 9. cxd5 a6 10. a4 Re8 11. f3 Nbd7 {A65: Modern Benoni: 6 e4.} 12. Nh3 h6 13. Be3 {[#]} g5 $146 {White is slightly better.} ({Predecessor:} 13... Ne5 14. Nf2 g5 15. h4 Nh7 16. hxg5 hxg5 17. g3 f5 18. f4 Nf7 19. Bh5 Re7 20. O-O-O {½-½ (65) Vinchev,S (2492)-Stefanov,P (2288) ICCF email 2015}) 14. Nf2 Nh5 15. g3 f5 (15... Kh7 $142) 16. exf5 $16 Bxc3 17. bxc3 {aiming for Ng4.} ({Don't do} 17. Qxc3 $6 Ndf6 $16) 17... Qe7 (17... Ndf6 $142) 18. Nd1 Ne5 {[#]} 19. O-O $1 Nf6 {[#]} 20. g4 $1 b5 (20... Bd7 {was called for.} 21. c4 b6) 21. axb5 $18 Bb7 {intending ...axb5.} 22. bxa6 Bxd5 {[#]} 23. h4 $1 Nc4 (23... Bc6 {was necessary.} 24. hxg5 hxg5) (23... gxh4 24. Bxh6) 24. Bxc4 $1 Bxc4 25. Re1 Nd5 $2 (25... Nd7 26. hxg5 Ne5) 26. Bf2 Qg7 $2 (26... Qxe1+ 27. Bxe1 Re2) 27. Rxe8+ {White is clearly winning.} Rxe8 28. a7 Ra8 29. Nb2 Bb3 30. Ra3 Qb7 31. hxg5 Rxa7 32. Rxa7 Qxa7 33. gxh6 {White took control after the opening. Accuracy: White = 85%, Black = 32%.} 1-0

[Event "80e Noteboomtoernooi Open 2020"]
[Site "Leiden"]
[Date "2020.02.29"]
[Round "1.2"]
[White "Zwirs, Jasper"]
[Black "Solodovnichenko, Yuri"]
[Result "0-1"]
[WhiteElo "2105"]
[BlackElo "2567"]
[Annotator "TA"]
[PlyCount "74"]
[EventDate "2020.02.28"]
[EventType "swiss"]
[EventCountry "NED"]
[SourceTitle "playchess.com"]
[Source "ChessBase"]
[SourceQuality "1"]

{[%evp 13,74,-8,-4,-52,8,7,6,15,12,9,8,14,5,-14,52,58,79,63,77,72,84,61,110,2,22,6,14,-30,-46,-88,-97,-231,-247,-242,-260,-250,-242,-269,-252,-244,-245,-391,-384,-385,-374,-355,-387,-384,-381,-478,-481,-478,-472,-483,-481,-1022,-1178,-1272,-1273,-1170,-1133,-1064,-1035]} 1. e4 c5 2. Nf3 e6 3. d4 cxd4 4. Nxd4 Nc6 5. Be3 Nf6 6. Bd3 d5 7. Nxc6 bxc6 8. e5 {B44: Sicilian: Taimanov: 5 Nb5.} d4 ({Better is} 8... Nd7 $1 $15) 9. Bd2 $11 Nd7 10. Qe2 {The position is equal.} Qb6 11. b3 {[%cal Bb2b3,Bb3b4,Bb4b5][%mdl 32] [#]} a5 $146 ({Predecessor:} 11... Nc5 12. Bc4 Ba6 13. O-O Bxc4 14. Qxc4 Rd8 15. Bf4 Be7 16. Qe2 O-O 17. Nd2 Qb5 {0-1 (87) Devyatkina,R-Karavaeva,N (2006) Izhevsk 2010}) 12. O-O a4 13. b4 a3 (13... Bxb4 $11 14. Bxb4 Qxb4) 14. c3 $14 c5 {[%cal Rc5b4]} 15. b5 Bb7 16. c4 Qc7 17. f4 g5 18. f5 (18. fxg5 $16 {next Bf4 is good for White.} Qxe5 19. Qf2) 18... Qxe5 $11 19. fxe6 Qxe6 20. Qh5 {[#] Strongly threatening Bf5.} ({Don't go for} 20. Bxg5 $2 Rg8 $19) 20... Ne5 21. Bf5 Qh6 $40 {[%mdl 128] Black has strong attack.} ({Worse is} 21... Qxc4 22. Re1 $16) 22. Qe2 {White does not recover from this.} (22. Qxh6 $17 Bxh6 23. Re1) 22... Bd6 $19 23. Be4 Bxe4 24. Qxe4 O-O 25. Rf5 Ng6 26. g3 {[#]} Qh5 $1 27. Qf3 (27. Qd5 {was necessary.} Rae8 28. Rf2 (28. Qxd6 $2 Re2 $19)) 27... Qxf3 {[%mdl 64] Overworked Piece} 28. Rxf3 Ne5 $1 {[%csl LRc4,LRf3]} 29. Rb3 Nxc4 30. Bxg5 Be5 31. Nd2 Nxd2 {Black is clearly winning.} 32. Bxd2 c4 {[%cal Bc5c4,Bc4c3][%mdl 32]} 33. Rb4 c3 34. Bf4 (34. Rd1 $142 cxd2 35. Rxd2) 34... Bxf4 35. gxf4 d3 36. Kf2 Rfe8 37. Rd4 Rad8 {Accuracy: White = 49%, Black = 85%.} 0-1

[Event "80e Noteboomtoernooi Open 2020"]
[Site "Leiden"]
[Date "2020.02.29"]
[Round "1.4"]
[White "Hagendijk, Klaas"]
[Black "Pijpers, Arthur"]
[Result "0-1"]
[WhiteElo "1994"]
[BlackElo "2470"]
[Annotator "TA"]
[PlyCount "84"]
[EventDate "2020.02.28"]
[EventType "swiss"]
[EventCountry "NED"]
[SourceTitle "playchess.com"]
[Source "ChessBase"]
[SourceQuality "1"]

{[%evp 18,84,0,0,14,-11,0,-11,-10,-29,-15,-36,-3,0,0,11,23,-7,0,0,8,7,35,39,38,24,30,27,47,43,54,-7,0,-7,40,8,8,23,12,26,41,-10,-10,-14,-18,-15,0,-10,10,0,99,96,91,94,97,115,107,0,0,0,4,-105,0,-784,-768,-12827,-6620,-29992,-29993]} 1. e4 c5 2. Nf3 d6 3. Bb5+ Bd7 4. Bxd7+ Qxd7 5. O-O Nf6 6. Re1 Nc6 7. d4 cxd4 8. Nxd4 g6 9. c4 {The main line 9.c4 scores better than 9.Nxc6.} Bg7 10. Nc3 O-O {B52: Sicilian: Moscow Variation with 3...Bd7.} 11. f3 Rac8 12. Nde2 a6 {[#] The position is equal.} 13. Na4 $146 ({Predecessor:} 13. Be3 Ne5 14. b3 b5 15. cxb5 axb5 16. Qd2 b4 17. Na4 Nc4 18. Qd3 Nxe3 19. Qxe3 {0-1 (36) Munoz Pantoja,M (2495)-Alsina Leal,D (2535) Catalunya 2012}) 13... Qc7 14. Be3 $1 Nd7 15. Rc1 Rfd8 16. Nec3 e6 17. b3 Nc5 18. Qe2 Qe7 19. Red1 h5 20. Nb6 {Strongly threatening Ncd5!} Rb8 21. Nca4 Ne5 22. Rc2 (22. Qd2 {with more complications.} Ned3 23. Rb1 Ne5 24. h3 Nc6 25. Kh1) 22... Nxa4 23. Nxa4 b5 24. Nb2 (24. cxb5 $14 axb5 25. Nb6) 24... Nc6 {White must now prevent ...Nb4.} 25. Nd3 h4 26. Nf2 Nb4 27. Rcc1 {Threatens to win with a3.} bxc4 28. Rxc4 {[#] aiming for a3.} a5 29. a3 (29. Bf4 $14) 29... d5 $11 30. Bc5 Qb7 31. Rcc1 Na6 32. Bd4 e5 33. Bc3 d4 (33... dxe4 $11 34. Rxd8+ (34. Nxe4 Qb6+ 35. Kh1 Rxd1+ 36. Qxd1 Nc5 $11) (34. Qxe4 Rxd1+ 35. Rxd1 Qxb3 $15) 34... Rxd8) 34. Bxa5 $16 Rdc8 35. b4 Bh6 36. Rxc8+ Rxc8 37. Nd3 (37. Ng4 $16 Bg7 38. a4) 37... Be3+ $11 38. Kf1 Qb5 39. g3 (39. Ne1 $11 Qb7 40. Ra1) 39... h3 (39... Qa4 $17 40. Ne1 (40. Nxe5 $2 Rc2 $19) 40... hxg3 41. hxg3 (41. Qxa6 $2 Rc2 $19) 41... Kg7) 40. Nxe5 $2 {[%mdl 8192] [#]} (40. Ne1 $11 Qb7 41. Ra1) 40... Qxe5 $19 41. Qxa6 Rc2 42. Qd3 Rxh2 {Accuracy: White = 56%, Black = 83%.} 0-1

[Event "80e Noteboomtoernooi Open 2020"]
[Site "Leiden"]
[Date "2020.02.29"]
[Round "2.1"]
[White "Grooten, Herman"]
[Black "Kuzubov, Yuriy"]
[Result "0-1"]
[WhiteElo "2251"]
[BlackElo "2644"]
[Annotator "TA"]
[PlyCount "58"]
[EventDate "2020.02.28"]
[EventType "swiss"]
[EventCountry "NED"]
[SourceTitle "playchess.com"]
[Source "ChessBase"]
[SourceQuality "1"]

{[%evp 19,58,21,21,24,18,10,14,10,28,28,22,13,5,8,14,0,0,2,4,5,5,0,0,0,0,0,0,-41,-28,-92,-87,-76,-9,-17,-13,-476,-476,-476,-473,-29994,-29995]} 1. d4 Nf6 2. c4 g6 3. Nc3 d5 4. cxd5 Nxd5 5. e4 Nxc3 6. bxc3 Bg7 7. Be3 c5 8. Qd2 Qa5 9. Rc1 O-O 10. Nf3 Rd8 11. Be2 {D85: Exchange Grünfeld: Unusual White 7th moves and lines with 7 Nf3.} cxd4 $1 {[%mdl 4] now scores much better than the old 11...Nc6. Played by Vladislav Artemiev in January 2020.} 12. cxd4 Qxd2+ 13. Bxd2 {The position is equal.} Bg4 14. d5 e6 15. Bc4 exd5 16. Bxd5 Nc6 17. Ng5 Ne5 {[#] Hoping for ...Nd3+.} 18. Rc7 $146 ({Predecessor:} 18. O-O h6 19. f3 Bd7 20. f4 Bc6 21. fxe5 Bxd5 22. exd5 hxg5 23. Bxg5 Rxd5 24. Bf6 Bxf6 25. Rxf6 {1-0 (44) Grigoryan,A (2404)-Gupta,A (2481) Yerevan 2006}) 18... Rac8 19. Rxc8 Rxc8 20. f3 Bd7 21. f4 h6 {And now ...Nd3+ would win.} 22. fxe5 hxg5 23. Ke2 Bxe5 24. g3 (24. Bxg5 $11 b6 25. g3) 24... Bb5+ $17 25. Kf3 b6 (25... Rc2 $17 26. Bxg5 Bd4) 26. Bxg5 $11 Rc3+ 27. Kg4 $2 {[%mdl 8192]} (27. Be3 $1 $11) 27... Bd7+ $19 28. Kh4 Kg7 {( -> ...Rc8)} 29. Bd2 {[#]} (29. Rc1 $19 f6 30. Rxc3 fxg5+ 31. Kxg5 Bxc3 32. Kf4) 29... Rc8 {Accuracy: White = 54%, Black = 90%.} 0-1

[Event "80e Noteboomtoernooi Open 2020"]
[Site "Leiden"]
[Date "2020.02.29"]
[Round "2.2"]
[White "Solodovnichenko, Yuri"]
[Black "Tiggelman, Rene"]
[Result "1/2-1/2"]
[WhiteElo "2567"]
[BlackElo "2188"]
[Annotator "TA"]
[PlyCount "103"]
[EventDate "2020.02.28"]
[EventType "swiss"]
[EventCountry "NED"]
[SourceTitle "playchess.com"]
[Source "ChessBase"]
[SourceQuality "1"]

{[%evp 30,103,25,27,14,0,22,5,31,33,71,65,97,15,40,14,54,0,50,60,47,41,26,18,181,177,516,500,500,370,374,370,282,-22,-27,-39,0,0,0,0,0,0,0,0,0,0,0,0,0,0,0,0,0,-8,0,0,0,0,0,-8,0,0,0,-8,-8,-8,-8,-8,-8,-8,-8,-8,-8,-8,-8,-8]} 1. e4 c5 2. Nf3 d6 3. d4 cxd4 4. Nxd4 Nf6 5. Nc3 g6 6. Be3 Bg7 7. f3 Nc6 8. Bc4 O-O 9. Bb3 Bd7 10. h4 h5 11. Qd2 Rc8 12. O-O-O Ne5 13. Bh6 Nc4 14. Bxc4 Rxc4 15. Bxg7 Kxg7 16. Kb1 Qa5 {B78: Sicilian Dragon: Yugoslav Attack, 9 Bc4 Bd7 10 0-0-0 Rc8.} 17. Nb3 Qc7 18. g4 hxg4 19. h5 $1 {[#]} g5 $146 (19... Nxh5 $2 20. Rxh5 $1 {[%mdl 512]} e6 21. Qh6+ Kf6 22. Qxf8 $18) (19... gxh5 20. Qg5+ Kh8 21. Rxh5+ Nxh5 22. Qxh5+ Kg7 23. Qg5+ Kh8 24. Rh1#) ({Predecessor:} 19... gxf3 20. Nd4 Rxc3 21. hxg6 fxg6 22. bxc3 Qb6+ 23. Kc1 Qa5 24. Nxf3 Qxa2 25. Qh6+ Kf7 {0-1 (62) Cayford,R (2525)-Prizant,M (2515) ICCF corr 1996}) 20. Qxg5+ Kh7 21. Rd3 ({White should try} 21. fxg4 $16 Rg8 22. Qe3 Rxg4 23. Nd2) 21... Rg8 $11 22. Qd2 b5 23. Nd4 (23. fxg4 $14 Rxg4 24. Rf3) 23... Qc5 24. b3 $36 {[%cal Bb2b3,Bb3b4][%mdl 2080] White is pushing.} Rxd4 $1 25. Rxd4 {Black must now prevent Nd5.} gxf3 {Hoping for ...f2.} 26. Rf1 {aiming for Nd5.} Rg3 $2 (26... b4 $1 $11 27. Nd5 {[%mdl 64] Double Attack} Rg2) 27. Nd5 $18 Ng4 $2 {[#]} (27... Bh3 {is more resistant.} 28. Rc1 Be6) 28. b4 $1 {[%cal Rb4c5]} Qc8 29. Nxe7 Qh8 30. Rxd6 Be6 31. Nf5 $2 (31. Rxe6 $18 fxe6 32. Qf4) 31... Rg2 $1 $11 {[%cal Rg2d2]} 32. Qd4 $1 Qxd4 (32... Bxf5 $5 33. Qxh8+ (33. exf5 Qxd4 34. Rxd4 Nh2 $15) 33... Kxh8 34. Rxf3 (34. exf5 Nh2 $11) 34... Be6 $11) 33. Nxd4 {The position is equal.} (33. Rxd4 $2 {too greedy.} f2 $19) 33... Ne3 $1 {[%cal Re3f1]} 34. Rc1 ({But not} 34. Rxe6 $2 Nxf1 35. Re7 Nd2+ 36. Kb2 f2 $19) ({Of course not} 34. Rxf3 Nc4 $17) 34... f2 35. Nxe6 fxe6 36. Rxe6 {[%mdl 4096] Endgame Strongly threatening Rf6. KRR-KRN} Rg1 {( -> ...Rxc1+)} 37. Rf6 $1 {[%cal Rf6f2]} f1=Q 38. Rfxf1 Rxf1 39. Rxf1 Nxf1 {KN-KP} 40. Kb2 Nd2 41. Kc3 Nf3 42. Kd3 Kh6 43. Ke3 Ne1 44. c3 Kxh5 45. Kd4 Kg6 {White should prevent ...Nc2+.} 46. Kc5 a6 47. e5 Kf7 48. c4 Nd3+ {[%mdl 64] Double Attack} 49. Kd4 Nxb4 {And now ...Nc6+ would win.} 50. cxb5 axb5 {[#]} 51. Kc5 $1 {[%mdl 576] Double Attack} Nxa2 52. Kxb5 {Accuracy: White = 78%, Black = 69%.} 1/2-1/2

[Event "80e Noteboomtoernooi Open 2020"]
[Site "Leiden"]
[Date "2020.02.29"]
[Round "2.3"]
[White "Honkoop, Gilian"]
[Black "Schoppen, Casper"]
[Result "0-1"]
[WhiteElo "2192"]
[BlackElo "2489"]
[Annotator "TA"]
[PlyCount "76"]
[EventDate "2020.02.28"]
[EventType "swiss"]
[EventCountry "NED"]
[SourceTitle "playchess.com"]
[Source "ChessBase"]
[SourceQuality "1"]

{[%evp 20,76,-27,-31,-35,-31,-32,-42,-37,-46,-32,-55,-38,-67,-35,-70,-38,-31,-38,-43,-12,-12,-9,-9,-9,-9,-3,-5,0,0,24,-6,8,10,17,0,79,84,96,89,81,80,82,2,6,0,8,9,9,9,11,-223,-221,-458,-468,-513,-514,-517,-499]} 1. d4 Nf6 2. Nf3 d5 3. c4 e6 4. g3 dxc4 5. Qa4+ Nbd7 6. Bg2 a6 7. Qxc4 b5 8. Qc2 Bb7 9. O-O c5 10. a4 cxd4 11. Nxd4 Bxg2 {E03: Open Catalan: 5 Qa4+ Nbd7 6 Qxc4.} 12. Kxg2 Rc8 13. Qd1 b4 {Black is slightly better. 13...Qb6 might become the main line.} 14. Nd2 Be7 15. N2b3 O-O {[#]} 16. Re1 $146 ({Predecessor:} 16. e3 Nc5 17. Qf3 e5 18. Nxc5 Bxc5 19. Nb3 e4 20. Qe2 Qd5 21. Qd1 {1-0 (67) Brazdzionis,A (2252)-Haavamae,H (2185) Liepaja 2018}) 16... Nc5 17. f3 Qb6 18. e4 Rfd8 {Strongly threatening ...Nxb3.} 19. Qe2 $1 Nxb3 (19... Qc7 $5 {[%cal Rc5b3]} 20. Nxc5 Bxc5 $11) 20. Nxb3 Qc6 21. Be3 Qc2 22. Nd4 Qxe2+ 23. Rxe2 Nd7 24. f4 Nc5 25. Kf3 f6 26. Rc1 b3 $1 27. Rc3 Kf7 {[#]} (27... Nxa4 $11 28. Rxc8 Rxc8) 28. a5 $1 $16 h5 29. Nxb3 Na4 30. Rcc2 e5 31. Red2 (31. Nc1 $16) 31... Rxd2 $11 32. Rxd2 Rc7 33. fxe5 fxe5 34. Rd5 Nxb2 {White must now prevent ...Rc3.} 35. Rxe5 $2 {Now White is beyond hope.} (35. Nc5 $11) 35... Rc3 $19 {...Nc4 is the strong threat.} 36. Nd4 $2 {[#]} (36. Ke2 {was worth a try.} Rxb3 37. Rxh5) 36... Rxe3+ $1 {[%mdl 576] Decoy. Black is clearly winning.} 37. Kxe3 Nc4+ 38. Kf4 {[#]} Bd6 $1 {[%mdl 64] Pin. Accuracy: White = 66%, Black = 86%.} 0-1

[Event "80e Noteboomtoernooi Open 2020"]
[Site "Leiden"]
[Date "2020.02.29"]
[Round "2.4"]
[White "Pijpers, Arthur"]
[Black "Roorda, Thijs"]
[Result "1-0"]
[WhiteElo "2470"]
[BlackElo "2112"]
[Annotator "TA"]
[PlyCount "41"]
[EventDate "2020.02.28"]
[EventType "swiss"]
[EventCountry "NED"]
[SourceTitle "playchess.com"]
[Source "ChessBase"]
[SourceQuality "1"]

{[%evp 9,41,74,37,4,6,0,8,6,-13,-8,12,10,78,81,94,95,95,92,156,138,154,153,135,133,158,125,266,229,633,633,628,634,797,756]} 1. e4 Nf6 2. e5 Nd5 3. d4 Nb6 4. Nf3 d5 5. Bd3 Bg4 6. Nbd2 {B03: Alekhine's Defence: Four Pawns Attack.} e6 $1 7. h3 Bh5 $1 8. Nb3 {The position is equal.} N8d7 {[#]} 9. O-O $146 ({Predecessor:} 9. g4 Bg6 10. Bg5 Be7 11. h4 Nc4 12. Bxc4 dxc4 13. Nbd2 Bxg5 14. hxg5 Nb6 15. Qe2 {0-1 (31) Chovan,M (2256)-Gazik,V (2431) Slovakia 2015}) 9... Be7 10. Be3 f6 (10... Rc8 $11 {remains equal.}) 11. exf6 $16 Bxf6 12. g4 $36 {[%mdl 2048] White is really pushing.} Bf7 13. c3 g5 {[#]} (13... a5 $142) 14. Na5 $1 Rb8 15. Qd2 {[%cal Rf3g5]} h6 16. Rae1 c6 17. h4 {[%cal Rh4g5]} Qc7 (17... Rg8 $16 18. hxg5 hxg5) 18. Kg2 $18 h5 $2 (18... Na4) 19. Nxg5 {White is clearly winning.} Bxg5 20. hxg5 hxg4 {[%csl Gh8][%cal Rc7h2] [#]} 21. Bf4 {[%mdl 64] Skewer. Black did not feel at home in the position after the opening. Accuracy: White = 86%, Black = 41%.} 1-0

[Event "80e Noteboomtoernooi Open 2020"]
[Site "Leiden"]
[Date "2020.02.29"]
[Round "3.1"]
[White "Kuzubov, Yuriy"]
[Black "Schoorl, Rob"]
[Result "1-0"]
[WhiteElo "2644"]
[BlackElo "2275"]
[Annotator "TA"]
[PlyCount "83"]
[EventDate "2020.02.28"]
[EventType "swiss"]
[EventCountry "NED"]
[SourceTitle "playchess.com"]
[Source "ChessBase"]
[SourceQuality "1"]

{[%evp 15,83,24,36,16,33,24,4,6,29,22,24,4,28,30,33,29,9,-26,37,43,57,53,70,51,62,52,82,87,106,42,85,83,73,78,92,84,127,120,118,123,129,123,114,110,95,108,114,89,115,112,112,112,112,89,99,94,94,91,115,88,134,133,234,193,302,288,1272,1260,1240,1232]} 1. c4 g6 2. g3 Bg7 3. Bg2 Nf6 4. Nf3 d6 5. d4 O-O 6. O-O Nc6 7. Nc3 a6 8. Bg5 {8.b3 is the recent fashion.} h6 9. Bf4 {E63: King's Indian: Fianchetto: Panno Variation with 7...a6.} Rb8 10. Qc1 $5 {[%mdl 4] Leaves trodden paths.} Kh7 11. Rd1 {[#] The position is equal.} Bf5 $146 ({Predecessor:} 11... Bd7 12. Nd5 Ne4 13. Qc2 f5 14. Be3 e6 15. Nc3 Nxc3 16. Qxc3 e5 17. d5 Ne7 {0-1 (70) Baranowski,T (2426)-Efendiyev,E (2530) ICCF email 2012}) 12. d5 Na5 13. Nd4 Bd7 14. c5 Nh5 15. Be3 $36 {[%mdl 2048] White fights for an advantage.} Nc4 16. b4 Nxe3 (16... e5 $11 17. dxe6 fxe6) 17. Qxe3 $14 Re8 18. Rac1 Nf6 19. a4 e5 20. dxe6 $1 Bxe6 21. Nxe6 Rxe6 22. Qd2 (22. Qf4 $16) 22... Qe7 23. Bd5 Re5 24. cxd6 cxd6 25. e3 h5 26. Bg2 Rd8 27. Nd5 Nxd5 28. Bxd5 Rd7 29. b5 axb5 30. axb5 Qd8 31. Qd4 Qa5 32. Qc4 Ree7 33. Qb3 Qb6 34. Rc4 {[%cal Bc1c4,Bc4f4,Bf4f6][%mdl 32]} Be5 35. Rdc1 Kg7 36. Kg2 Bf6 37. h4 Re5 38. Rf4 Rde7 (38... Rc7 $16 39. Rxc7 Qxc7) 39. Rc8 Rd7 (39... Rc7 {keeps fighting.} 40. Ra8 Ree7 41. Rxf6 Kxf6) 40. e4 $18 Qd4 $2 (40... Rxd5 41. Qxd5 Qd4 42. Qxd4 Bxd4) 41. Qf3 Ree7 {[#]} 42. Rxf6 $1 {[%mdl 512] Accuracy: White = 88%, Black = 62%.} 1-0

[Event "80e Noteboomtoernooi Open 2020"]
[Site "Leiden"]
[Date "2020.02.29"]
[Round "3.2"]
[White "Schoppen, Casper"]
[Black "Mollema, Thomas"]
[Result "1-0"]
[WhiteElo "2489"]
[BlackElo "2251"]
[Annotator "TA"]
[PlyCount "89"]
[EventDate "2020.02.28"]
[EventType "swiss"]
[EventCountry "NED"]
[SourceTitle "playchess.com"]
[Source "ChessBase"]
[SourceQuality "1"]

{[%evp 15,88,39,42,31,61,62,61,59,72,52,53,34,98,79,106,102,126,122,133,101,135,114,134,88,94,93,91,92,135,87,93,96,143,127,153,153,298,293,272,300,438,179,169,120,118,128,141,86,101,107,97,84,81,8,990,991,1293,1293,1254,1240,29985,29986,29986,29987,29988,29989,29989,29990,29990,29991,29991,29988,29992,29993,29999]} 1. e4 c5 2. Nf3 e6 3. d4 cxd4 4. Nxd4 a6 5. Bd3 Qc7 6. O-O Nf6 7. Qe2 d6 8. c4 Nbd7 9. Nc3 {B42: Sicilian: Kan Variation: 5 Bd3.} b6 10. f4 Bb7 11. Bd2 {White is slightly better.} Be7 12. f5 e5 13. Nc2 {[#]} h5 $146 (13... O-O $14) ({Predecessor:} 13... Nc5 14. Rac1 Nxd3 15. Qxd3 Rc8 16. b3 O-O 17. Kh1 Qb8 18. Bg5 b5 19. Ne3 bxc4 20. Nxc4 {1-0 (33) Battulga,N (2404)-Khurelchuluun,B (2038) Tsetserleg 2018}) 14. b4 Bc6 15. Ne3 Qb7 {[%cal Rf6e4]} 16. Ned5 Bd8 17. Kh1 Bxd5 18. Nxd5 h4 19. Rf3 a5 20. bxa5 bxa5 21. Rb1 Qc6 22. Rh3 Nc5 23. Bc2 Nfd7 24. g4 Rc8 25. g5 Na4 (25... Rb8 $16 {was called for.} 26. Rxb8 Nxb8) 26. Qg4 $18 Nab6 {intending ...Nxd5.} 27. Bd3 ({Worse is} 27. Rxh4 Rxh4 28. Qxh4 Nxd5 $11) 27... Qa4 (27... Rb8 $142 28. f6 (28. Bxa5 Nxd5 29. Rxb8 Nxb8 $16) 28... g6 29. Rxh4 Rf8) 28. g6 (28. Nc3 $142 Qc6 29. f6) 28... Nxd5 29. gxf7+ ({Resist} 29. exd5 f6 $16) 29... Kf8 {Threatens to win with ...Nf4.} 30. cxd5 {Strongly threatening f6!} Bf6 31. Rg1 (31. Bg5 $142) 31... Qxa2 $16 32. Bg5 {Black must now prevent Bxf6.} Ke7 33. Bb5 {Hoping for Bxd7.} Rhf8 34. Rxh4 (34. Bxh4 $16 {And now Qxg7 would win.} Qd2 35. Be1) 34... Rxf7 $2 {[%mdl 8192] Black cannot hold the game after this.} (34... Rb8 $11 35. Bxd7 Kxd7) 35. Rh7 $18 Rcf8 36. Bxd7 $1 {[%mdl 64] Overworked Piece} Kxd7 37. Bxf6 gxf6 38. Rxf7+ $1 {[%mdl 64] Overworked Piece. White mates.} Rxf7 {[%mdl 4096] Endgame KQR-KQR} 39. Qg8 $1 Re7 40. Rc1 {[%csl Gc1][%cal Rg8c8]} Re8 {[#]} 41. Qg1 $1 Re7 {[#]} 42. Qa7+ $1 Ke8 43. Rc8+ Kf7 44. Qg1 {[%csl Gc8][%cal Rg1g8]} a4 45. Qg8# {Accuracy: White = 77%, Black = 51%.} 1-0

[Event "80e Noteboomtoernooi Open 2020"]
[Site "Leiden"]
[Date "2020.02.29"]
[Round "3.3"]
[White "Klapwijk, Bram"]
[Black "Pijpers, Arthur"]
[Result "0-1"]
[WhiteElo "2172"]
[BlackElo "2470"]
[Annotator "TA"]
[PlyCount "116"]
[EventDate "2020.02.28"]
[EventType "swiss"]
[EventCountry "NED"]
[SourceTitle "playchess.com"]
[Source "ChessBase"]
[SourceQuality "1"]

{[%evp 27,115,28,28,0,0,0,0,0,18,0,34,52,56,-19,-25,0,9,0,0,0,0,0,0,0,48,56,50,50,54,-114,-117,-140,-149,-146,-126,-118,-116,-134,-126,-137,-143,-161,-155,-146,-93,-141,-102,-120,-131,-108,-124,-106,-51,-104,-101,-224,-224,-211,-213,-226,-227,-219,-175,-236,-235,-311,-311,-580,-311,-311,-97,-12795,-10040,-6143,-6553,-6079,-5097,-12804,-5443,-29984,-29985,-29989,-29990,-29995,-29992,-29996,-29991,-29995,-29996,-29999]} 1. e4 c5 2. Nf3 d6 3. d4 cxd4 4. Nxd4 Nf6 5. Nc3 g6 6. Be3 Bg7 7. Bc4 O-O 8. f3 Nc6 {[%cal Bb8c6,Bc6e5,Be5c4][%mdl 32]} 9. Bb3 Bd7 10. h4 h5 11. Qd2 Rc8 12. O-O-O Ne5 13. Bg5 Nc4 14. Qe2 Na5 15. Kb1 {B78: Sicilian Dragon: Yugoslav Attack, 9 Bc4 Bd7 10 0-0-0 Rc8.} Rxc3 16. bxc3 Qb6 {[#]} 17. Be3 $146 {The position is equal.} ({Predecessor:} 17. g4 e5 18. Bxf6 Bxf6 19. gxh5 exd4 20. cxd4 Nxb3 21. axb3 Bxd4 22. hxg6 Be6 23. Qd2 {½-½ (34) Johansson,J (1874)-Overgaard,J (1983) ICCF email 2017}) 17... Qc7 $1 18. Qd3 b5 19. g4 ({Inferior is} 19. Nxb5 Bxb5 20. Qxb5 Nxe4 $17) 19... Nc4 20. Bg5 (20. gxh5 $14 Nxh5 21. Bxc4 bxc4 22. Qd2) 20... hxg4 $11 21. h5 {Threatens to win with Bxf6.} Nxh5 22. fxg4 Ne5 {[%mdl 64] Double Attack} 23. Qd2 ({Of course not} 23. Nxb5 Qb8 $17) 23... Bxg4 24. Rdg1 Rc8 25. Rh4 $1 Qxc3 26. Qxc3 Rxc3 27. Bxe7 Bd7 28. Rf1 $2 (28. Bxd6 $14 {stays ahead.} Nc4 29. Bb4 Nd2+ 30. Kc1 Nxb3+ 31. Nxb3) 28... Nc4 $17 29. Bxc4 Rxc4 30. Nf3 Bc6 {...Ng3 is the strong threat.} 31. Bxd6 Bxe4 32. Rh2 {[#]} Nf6 $1 33. Ne5 Rd4 34. Bc5 Rd5 35. Be7 Bf5 (35... Nh5 $142 36. Ng4 f5) 36. Bxf6 Bxf6 37. Ng4 Bg5 38. Nh6+ Bxh6 $1 39. Rxh6 {[%mdl 4096] Endgame KRR-KRB} Rd2 ({Better is} 39... Kg7 $17 40. Rh2 g5) 40. Rc1 ({White should try} 40. Rh4 $15) 40... Kg7 41. Rhh1 {[#]} (41. Rh4 $17) 41... Be4 $1 $19 42. Rhg1 f5 43. Kb2 Kf6 44. Kc3 Rh2 45. Kb4 (45. Kd4 $142) 45... Rxc2 46. Rxc2 Bxc2 47. Kxb5 $2 {KR-KB} (47. Kc3 {was the only defense.} Be4 48. Kd4) 47... f4 48. Kc4 Ke5 $2 (48... Bf5 $19 {Strongly threatening ...g5.} 49. Kc3 g5) 49. Re1+ $2 {[%mdl 8192]} (49. Kc3 $17 Be4 50. Kd2) 49... Be4 50. Kc3 f3 51. Kd2 Kf4 52. Rd1 g5 53. Ke1 g4 {Black mates.} 54. Rd7 Ke3 55. a4 g3 56. Kf1 Bd3+ 57. Kg1 f2+ 58. Kh1 f1=Q# {Accuracy: White = 54%, Black = 79%.} 0-1